[Event "Arco op 45th"]
[Site "Arco"]
[Date "2023.10.12"]
[Round "6"]
[White "Gneo, Marco"]
[Black "Lagrotteria, Salvatore"]
[Result "0-1"]
[WhiteElo "1654"]
[BlackElo "1979"]
[PlyCount "52"]
[EventDate "2023.10.07"]
[EventType "swiss"]
[EventRounds "9"]
[EventCountry "ITA"]
[SourceTitle "Mega2024 Update 01"]
[Source "Chessbase"]
[SourceDate "2023.11.12"]
[SourceVersion "1"]
[SourceVersionDate "2023.11.12"]
[SourceQuality "1"]

1. d4 Nf6 2. c4 e6 3. Nc3 Bb4 4. Qc2 d6 5. Nf3 Nbd7 6. a3 Bxc3+ 7. Qxc3 Qe7 8. g3 c5 9. Bg2 0-0 10. 0-0 Rb8 11. Re1 b6 12. e4 e5 13. d5 Ne8 14. Bh3 Nc7 15. Rb1 b5 16. b4 bxc4 17. Bxd7 Bxd7 18. Qxc4 Bg4 19. Re3 Qd7 20. Reb3 cxb4 21. axb4 Nb5 22. Bb2 f5 23. Nd2 Qf7 24. f3 fxe4 25. Nxe4 Bxf3 26. Rf1 Qh5 0-1

[Event "Veneto-ch qf 81st"]
[Site "Verona"]
[Date "2022.05.08"]
[Round "4.15"]
[White "Gneo, Marco"]
[Black "Pigaiani, Francesco"]
[Result "0-1"]
[WhiteElo "1687"]
[BlackElo "1330"]
[PlyCount "60"]
[EventDate "2022.05.06"]
[EventType "swiss"]
[EventRounds "5"]
[EventCountry "ITA"]
[SourceTitle "EXT 2024"]
[Source "ChessBase"]
[SourceDate "2023.10.10"]
[SourceVersion "1"]
[SourceVersionDate "2023.10.10"]
[SourceQuality "1"]

1. d4 Nf6 2. c4 c6 3. Nc3 d5 4. e3 e6 5. Bd3 Nbd7 6. Nf3 Bd6 7. b3 0-0 8. 0-0 e5 9. dxe5 Nxe5 10. Be2 Nxf3+ 11. Bxf3 dxc4 12. bxc4 Qc7 13. h3 Be6 14. Qe2 Nd7 15. Qc2 Bxc4 16. Rd1 Be6 17. Bb2 Ne5 18. Be2 Ng6 19. Rac1 Qe7 20. Ne4 Ba3 21. Nc5 Bxc5 22. Qxc5 Qxc5 23. Rxc5 Bxa2 24. Rd7 Rab8 25. Bg4 a6 26. h4 f6 27. h5 Ne5 28. Rxe5 fxe5 29. Bxe5 Bf7 30. Be6 Rbe8 0-1

[Event "Province VR 80th"]
[Site "Zevio Verona"]
[Date "2020.01.26"]
[Round "4.4"]
[White "Malni, Riccardo"]
[Black "Gneo, Marco"]
[Result "1-0"]
[WhiteElo "1938"]
[BlackElo "1724"]
[PlyCount "55"]
[EventDate "2020.01.24"]
[EventType "swiss"]
[EventRounds "5"]
[EventCountry "ITA"]
[SourceTitle "EXT 2024"]
[Source "ChessBase"]
[SourceDate "2023.10.10"]
[SourceVersion "1"]
[SourceVersionDate "2023.10.10"]
[SourceQuality "1"]

1. Nf3 c5 2. g3 e6 3. Bg2 d5 4. 0-0 Nf6 5. d3 Nc6 6. Nbd2 Be7 7. e4 d4 8. a4 e5 9. Nc4 Qc7 10. Ne1 Be6 11. f4 Bxc4 12. dxc4 0-0 13. f5 Nd7 14. Nd3 b6 15. Qg4 Nf6 16. Qe2 Nd7 17. Kh1 Qd8 18. h4 Kh8 19. Qg4 g5 20. fxg6 fxg6 21. Bh6 Rf6 22. Bh3 Rxf1+ 23. Rxf1 Nf6 24. Qe6 Nxe4 25. Rf7 Nxg3+ 26. Kh2 Nh5 27. Qxc6 Rc8 28. Qxc8 1-0

[Event "Province VR 80th"]
[Site "Zevio Verona"]
[Date "2020.01.24"]
[Round "1.14"]
[White "Gneo, Marco"]
[Black "Venturini, Valter"]
[Result "1-0"]
[WhiteElo "1724"]
[BlackElo "1193"]
[PlyCount "67"]
[EventDate "2020.01.24"]
[EventType "swiss"]
[EventRounds "5"]
[EventCountry "ITA"]
[SourceTitle "EXT 2024"]
[Source "ChessBase"]
[SourceDate "2023.10.10"]
[SourceVersion "1"]
[SourceVersionDate "2023.10.10"]
[SourceQuality "1"]

1. d4 b6 2. c4 e6 3. Nc3 Bb7 4. e4 d6 5. Bd3 Nf6 6. Nf3 Be7 7. 0-0 0-0 8. Bf4 Nbd7 9. Rc1 c6 10. Qe2 Qc7 11. b4 e5 12. Bg5 exd4 13. Nxd4 c5 14. Nf5 Bd8 15. Nb5 Qc6 16. Nbxd6 g6 17. Nxb7 gxf5 18. Nxd8 Raxd8 19. e5 Rde8 20. b5 Qc7 21. f4 Ng4 22. Bxf5 f6 23. Qxg4 fxg5 24. Bxd7 Re7 25. Rcd1 Rg7 26. Qe6+ Kh8 27. f5 Qb7 28. Bc6 Qb8 29. Qd6 Qxd6 30. Rxd6 g4 31. f6 Rg6 32. e6 Rgxf6 33. Rxf6 Rxf6 34. e7 1-0

[Event "Verona op-B"]
[Site "Verona"]
[Date "2019.01.02"]
[Round "1"]
[White "Negro, Raffaele"]
[Black "Gneo, Marco"]
[Result "1/2-1/2"]
[WhiteElo "1842"]
[BlackElo "1711"]
[PlyCount "106"]
[EventDate "2019.01.02"]
[EventType "swiss"]
[EventRounds "7"]
[EventCountry "ITA"]
[SourceTitle "CBM 188 Extra"]
[Source "ChessBase"]
[SourceDate "2019.02.26"]
[SourceVersion "1"]
[SourceVersionDate "2019.02.26"]
[SourceQuality "1"]

1. d4 Nf6 2. Bf4 e6 3. e3 d5 4. Nd2 Be7 5. Bd3 Nbd7 6. c3 c5 7. h4 b6 8. Ngf3 Bb7 9. Ne5 Rc8 10. Ndf3 h6 11. g4 c4 12. Bc2 a6 13. Qe2 Ne4 14. Nxd7 Qxd7 15. Ne5 Qd8 16. Bg3 b5 17. a3 Qa5 18. Qf3 Rf8 19. Bxe4 dxe4 20. Qe2 Bd5 21. Qd2 Qb6 22. Bf4 Qd8 23. Bg3 Qb6 24. Qc2 Bf6 25. f4 exf3 26. e4 Ba8 27. 0-0-0 Bxe5 28. Bxe5 f6 29. Bg3 Kf7 30. Rhf1 a5 31. Rxf3 b4 32. axb4 axb4 33. cxb4 Qxb4 34. g5 c3 35. Rxc3 Bxe4 36. Qxe4 Rxc3+ 37. bxc3 Qxc3+ 38. Kb1 Qb3+ 39. Kc1 Rc8+ 40. Kd2 Qc3+ 41. Ke2 Qxg3 42. g6+ Kf8 43. Kf1 Qh3+ 44. Ke1 Qg3+ 45. Kf1 Rc3 46. Qa8+ Ke7 47. Qb7+ Rc7 48. Qb4+ Qd6 49. Qxd6+ Kxd6 50. Kf2 Rc3 51. Ra1 Rc7 52. Ra5 e5 53. dxe5+ fxe5 1/2-1/2

[Event "Verona Province-ch"]
[Site "Zevio Verona"]
[Date "2014.01.19"]
[Round "2"]
[White "Gneo, Marco"]
[Black "Faccia, Sergio"]
[Result "1-0"]
[WhiteElo "1775"]
[BlackElo "2033"]
[PlyCount "65"]
[EventDate "2014.01.18"]
[EventType "swiss"]
[EventRounds "6"]
[EventCountry "ITA"]
[SourceTitle "EXT 2015"]
[Source "ChessBase"]
[SourceDate "2014.11.20"]
[SourceVersion "1"]
[SourceVersionDate "2014.11.20"]
[SourceQuality "1"]

1. Nf3 c5 2. c4 Nc6 3. g3 Nf6 4. Bg2 e5 5. Nc3 Be7 6. 0-0 0-0 7. Nd5 d6 8. a3 h6 9. Rb1 Be6 10. Ne1 Qd7 11. b4 cxb4 12. axb4 Bxd5 13. cxd5 Nd4 14. Bb2 Nb5 15. e4 Rac8 16. Qb3 Rc7 17. Nc2 Rfc8 18. Ne3 Ne8 19. Nf5 g6 20. Nxe7+ Qxe7 21. Bh3 Rd8 22. Rbc1 Qg5 23. Rxc7 Nexc7 24. f4 Qh5 25. g4 Qh4 26. fxe5 dxe5 27. Bxe5 Re8 28. Bf6 g5 29. Qf3 h5 30. Ba1 Nd6 31. Qf6 Kf8 32. Qxd6+ Kg8 33. Qf6 1-0